00996cam a2200289 a 450000100060000000300080000600500170001400800410003102000150007203500190008704000270010604100080013308200270014124500720016826000450024030000330028549000620031849000310038050400510041165000230046265000260048565000290051165000490054070000240058983000620061383000310067558322BD-RjUL20211209080616.0161217s2001 enka b 001 0 eng  a1840642203 a(BD-RjUL)58446 aDLCcDLCbengdBD-RjUL aeng00a307.1412223bRUR 200100aRural planning and management /cedited by Joe Morris ... [et al.]. aCheltenham :bEdward Elgar Pub.,cc2001. axl, 674 p. :bill. ;c25 cm.1 aManaging the environment for sustainable development ;v21 aElgar reference collection aIncludes bibliographical references and index. 0aRural development. 0aEnvironmental policy. 0aSustainable development. 0aEconomic developmentxEnvironmental aspects.1 aMorris, Joe,d1948- 0aManaging the environment for sustainable development ;v2 0aElgar reference collection